Archivos del Instituto de Psicología

Uloženo v:
Podrobná bibliografie
Korporace: Universidad de Chile (Autor), Facultad de Filosofía y Educación (Autor)
Médium: Kniha
Jazyk:španělština
Vydáno: Santiago Prensas de la Universidad de Chile 1944
Témata:
Tagy: Přidat tag
Žádné tagy, Buďte první, kdo vytvoří štítek k tomuto záznamu!

MARC

LEADER 00000nam a2200000 a 4500
001 UCY6155
003 CL-VaPUC
008 950521e19440000CL |||||||||||||||||spa|d
082 0 4 |a 150  |b UNI  |2 21 
110 2 |a Universidad de Chile  |e author  |9 335911 
710 2 |a Facultad de Filosofía y Educación  |e author  |9 335912 
245 1 0 |a Archivos del Instituto de Psicología 
300 |a 383 p 
942 |c BK 
945 |d 19950521 00:00:00  |a cmena 
260 |a Santiago  |b Prensas de la Universidad de Chile  |c 1944 
650 0 |a Psicología   |9 257863 
650 0 |a Niños  |9 255605 
650 7 |a NIÑOS SOCIALMENTE DESFAVORECIDOS  |2 CL-VaPUC  |9 323883 
650 0 |a Psicometría  |9 260694 
650 0 |a Delincuencia juvenil  |9 311188 
650 7 |a PSICOLOGIA GENETICA  |2 CL-VaPUC  |9 308771 
650 0 |a Estudiantes   |9 257640 
650 0 |a Inteligencia  |9 267038 
650 0 |a Pruebas de inteligencia  |9 307461 
650 7 |a COEFICIENTE INTELECTUAL  |2 CL-VaPUC  |9 310797 
583 |a last modification  |c 19950521 00:00:00  |k Rodrigo Vera 
999 |c 233735  |d 233733 
952 |0 0  |1 0  |4 0  |6 150_000000000000000_UNI_1944  |7 0  |8 P  |9 239446  |a BIBEDU  |b BIBEDU  |c BIBEDU_PB  |d 2019-11-18  |h v.1  |i 1504681  |o 150 UNI 1944  |p 1504681  |r 2024-01-25  |w 2019-11-18  |y BK  |k EDU